000 03467cam a22004098i 4500
001 22445250
003 EG-ScBUE
005 20240305122831.0
008 220225s2023 enk f b 001 0 eng d
020 _a9780367336721
040 _aDLC
_beng
_erda
_cDLC
_dDLC
_dEG-ScBUE
043 _af------
_aa------
082 0 4 _a332.1091767
_222
_bHAS
100 1 _aHassan, Abul,
_d1973-
_eauthor.
245 1 0 _aIslamic financial markets and institutions /
_cAbul Hassan, Aktham Issa Almaghaireh and Muhammad Shahidul Islam.
250 _aFirst Edition.
264 1 _aLondon ;
_aNew York, NY :
_bRoutledge, Taylor & Francis Group,
_c2023.
300 _axxxvi, 335 pages ;
_c24 cm
336 _atext
_btxt
_2rdacontent
337 _aunmediated
_bn
_2rdamedia
338 _avolume
_bnc
_2rdacarrier
504 _aIncludes bibliographical references and index.
520 _a"The rapid pace of progress in the Islamic financial market and investment space, coupled with the COVID-19 pandemic and its aftermath and recovery, has provided the necessary challenges to build a strong case for Islamic investment. This timely and unique book focuses on the foundations of Islamic financial markets and institutions, in the context of various products, their market application, Islamic asset management and regulation. The authors provide a thorough overview of Islamic financing instruments and markets, such as Islamic debt and equity markets, through shares and the stock market, mutual funds, private equity, lease financing, sukuk, green sukuk, money market instruments, exchange traded funds, cryptocurrencies and derivatives etc., which have emerged as alternative sources of financing. They offer insight into the numerous infrastructure institutions which have sprung up since the first decade of the new century, such as The Accounting and Auditing Organizations for Islamic Financial Institutions, Islamic Financial Services Board, Islamic International Rating Agency and International Islamic Liquidity Management Corporation as well as those being established, to satisfy different industry needs. With its uniquely competitive approach to the mainstream financial market, this book facilities a greater understanding of the concept of Islamic investment. Through a discussion of the current state and future prospects of Islamic financial markets, the book's theoretical and practical approach offers academic, practitioners, researchers, students and general readers a well-balanced overview of Islamic financial markets, its ethics, Shari'ah foundation, the instruments and operational mechanism used by Islamic capital, money and debt markets"--
_cProvided by publisher.
650 7 _aBanks and banking
_zIslamic countries.
_2BUEsh
650 7 _aBanks and banking
_xReligious aspects
_xIslam.
_2BUEsh
650 7 _aFinance
_zIslamic countries.
_2BUEsh
650 7 _aFinancial services industry
_zIslamic countries.
_2BUEsh
653 _cMarch2024
_bBUSECO
655 _vReading book
700 1 _aAlmaghaireh, Aktham Issa,
_eauthor.
700 1 _aIslam, Muhammad Shahidul,
_eauthor.
776 0 8 _iOnline version:
_aHassan, Abul.
_tIslamic financial markets and institutions
_dLondon ; New York, NY : Routledge, Taylor & Francis Group, 2023
_z9780429321207
_w(DLC) 2022008431
906 _a7
_bcbc
_corignew
_d1
_eecip
_f20
_gy-gencatlg
942 _2ddc
_cBB
999 _c30690
_d30661